वो जो छूट गया/ (Record no. 210711)

MARC details
000 -LEADER
fixed length control field 00744nam a22001817a 4500
005 - DATE AND TIME OF LATEST TRANSACTION
control field 20250403123507.0
010 ## - LCCN (DPL NO)
LC control number HIN-129569
020 ## - INTERNATIONAL STANDARD BOOK NUMBER
International Standard Book Number 9788196294076
Terms of availability 195.00
035 ## - SYSTEM CONTROL NUMBER
System control number HN-101915
037 ## - SOURCE OF ACQUISITION
Source of stock number/acquisition DBAD
082 ## - DEWEY DECIMAL CLASSIFICATION NUMBER
Classification number 821
100 ## - MAIN ENTRY--PERSONAL NAME
Personal name अवस्थी, पियूष
245 ## - TITLE STATEMENT
Title वो जो छूट गया/
Statement of responsibility, etc पियूष अवस्थी
260 ## - PUBLICATION, DISTRIBUTION, ETC. (IMPRINT)
Place of publication, distribution, etc पंचकूला, हरियाणा
Name of publisher, distributor, etc सतलुज प्रकाशन
Date of publication, distribution, etc 2024
270 ## - ADDRESS
Address एस. सी. एफ. 267, सेक्टर 16,
City पंचकूला हरियाणा
Postal code 134113
Telephone number 0172-2566952
300 ## - PHYSICAL DESCRIPTION
Extent 104पृ.
Dimensions 22 सेमी (अजिल्द )
942 ## - ADDED ENTRY ELEMENTS (KOHA)
Source of classification or shelving scheme Dewey Decimal Classification
Item type Hindi Books
Classification part 821
Call number suffix अवस्थी
Holdings
Withdrawn status Lost status Not for loan Home library Current library Date acquired Source of acquisition Cost, normal purchase price Full call number Barcode Copy number Cost, replacement price Koha item type
      Patel Nagar Patel Nagar 03/04/2025 DBAD 195.00 821 अवस्थी HN-101915 1 195.00 Hindi Books

© Delhi Public Library
Hit Counter
free hit counter